Central Library OPAC University of Rajshahi

Developing tests and questionnaires for a national assessment of educational achievement / (Record no. 53240)

MARC details
000 -LEADER
fixed length control field 01231nam a2200325 a 4500
001 - CONTROL NUMBER
control field 53240
003 - CONTROL NUMBER IDENTIFIER
rucl marc code BD-RjUL
005 - DATE AND TIME OF LATEST TRANSACTION
control field 20211209075929.0
008 - FIXED-LENGTH DATA ELEMENTS--GENERAL INFORMATION
fixed length control field 161004s2008 enkab b 001 0 eng
020 ## - INTERNATIONAL STANDARD BOOK NUMBER
International Standard Book Number 9780821374979 (alk. paper)
International Standard Book Number 0821374974 (alk. paper)
International Standard Book Number 9780821374986
International Standard Book Number 0821374982
035 ## - SYSTEM CONTROL NUMBER
System control number (BD-RjUL)53360
040 ## - CATALOGING SOURCE
Original cataloging agency DLC
Transcribing agency DLC
Modifying agency YDX
-- BD-RjUL
Language of cataloging eng
041 ## - LANGUAGE CODE
Language code of text/sound track or separate title eng
082 00 - DEWEY DECIMAL CLASSIFICATION NUMBER
Classification number 371.261
Edition number 23
Author mark and year AND 2008
100 1# - MAIN ENTRY--PERSONAL NAME
Personal name Anderson, Prue,
Dates associated with a name 1954-
9 (RLIN) 159135
245 10 - TITLE STATEMENT
Title Developing tests and questionnaires for a national assessment of educational achievement /
Statement of responsibility, etc. Prue Anderson and George Morgan.
260 ## - PUBLICATION, DISTRIBUTION, ETC. (IMPRINT)
Place of publication, distribution, etc. Washington, DC :
Name of publisher, distributor, etc. World Bank,
Date of publication, distribution, etc. c2008.
300 ## - PHYSICAL DESCRIPTION
Pagination xvii, 168 p. :
Illustrations ill. ;
Size 26 cm.
504 ## - BIBLIOGRAPHY, ETC. NOTE
Bibliography, etc Includes bibliographical references (p. 153-155) and index.
650 #0 - SUBJECT ADDED ENTRY--TOPICAL TERM
Topical term or geographic name as entry element Educational tests and measurements
Geographic subdivision United States.
9 (RLIN) 145470
Topical term or geographic name as entry element Educational evaluation
Geographic subdivision United States.
9 (RLIN) 132324
700 1# - ADDED ENTRY--PERSONAL NAME
Personal name Morgan, George,
Dates associated with a name 1945-
856 41 - ELECTRONIC LOCATION AND ACCESS
Materials specified Table of contents only
Uniform Resource Identifier <a href="http://www.loc.gov/catdir/toc/fy0805/2008002684.html">http://www.loc.gov/catdir/toc/fy0805/2008002684.html</a>
942 ## - ADDED ENTRY ELEMENTS (KOHA)
Source of classification or shelving scheme Dewey Decimal Classification
Koha item type Books
Holdings
Lost status Source of classification or shelving scheme Damaged status Not for loan Collection code Permanent Location Current Location Shelving location Date acquired Source of acquisition Cost, normal purchase price Total Checkouts Full call number Date last seen Copy number Koha item type
  Dewey Decimal Classification     Non-fiction Central Library, University of Rajshahi Central Library, University of Rajshahi   14/05/2009 Dhaka midas 25.00   371.261 AND 2008 04/10/2016 C-2 Books